书目信息 |
| 题名: |
自动导向轨道交通设计标准= Standard for design of automated guided transit
|
|
| 作者: | 中华人民共和国住房和城乡建设部 | |
| 分册: | ||
| 出版信息: | 北京 中国建筑工业出版社 2018.08 |
|
| 页数: | 103页 | |
| 开本: | 20cm | |
| 丛书名: | ||
| 单 册: | ||
| 中图分类: | U239.5-65 | |
| 科图分类: | ||
| 主题词: | 铁路--特种 | |
| 电子资源: | ||
| ISBN: | ||
| 000 | 00818nam0 2200193 45 | |
| 001 | 1933353079 | |
| 005 | 20190321161552.35 | |
| 010 | @dRMB 25.00 | |
| 100 | @a20190318d2018 km y0chiy0120 ea | |
| 101 | 0 | @achi |
| 102 | @aCN@b110000 | |
| 200 | 1 | @a自动导向轨道交通设计标准= Standard for design of automated guided transit@Azi dong dao xiang gui dao jiao tong she ji biao zhun=Standard for design of automated guided transit@f中华人民共和国住房和城乡建设部@Fzhong hua ren min gong he guo zhu fang he cheng xiang jian she bu |
| 210 | @a北京@c中国建筑工业出版社@d2018.08 | |
| 215 | @a103页@d20cm | |
| 606 | 0 | @a铁路@x特种 |
| 690 | @aU239.5-65@v4 | |
| 701 | 0 | @a中华人民共和国住房和城乡建设部@Azhong hua ren min gong he guo zhu fang he cheng xiang jian she bu |
| 801 | 0 | @aCN@bPFT@c20190321 |
| 905 | @a10447@dU239.5-65@eZ9116 | |
| 自动导向轨道交通设计标准= Standard for design of automated guided transit/中华人民共和国住房和城乡建设部.-北京:中国建筑工业出版社,2018.08 |
| 103页;20cm |
| ISBN :RMB 25.00 |
| ● |
| 相关链接 |
|
|
|
正题名:自动导向轨道交通设计标准= Standard for d
索取号:U239.5-65/Z9116
 
预约/预借
| 序号 | 登录号 | 条形码 | 馆藏地/架位号 | 状态 | 备注 |
| 1 | 1243820 | 212438209 | 自科库501/501自科库 50排1列1层/ [索取号:U239.5-65/Z9116] | 在馆 |